000 00418nam a22001577a 4500
005 20251120163819.0
008 251120b |||||||| |||| 00| 0 eng d
020 _a979-8-88715-402-2
100 _aMOLLY, KATRINA
245 _aDYEING, PRINTING AND TEXTILE
260 _aDUBLIN
_bORYSON PRESS
_c2024
300 _aXII, 286P.
500 _aINCLUDES INDEX
650 _a1.TEXTILE INDUSTRY PRINTING
942 _2lcc
_cBK
999 _c216242
_d216242